GATT/ OMC recueil des contentieux du 1er janvier au 31 décembre 1999

Gorde:
Xehetasun bibliografikoak
Egile nagusia: Eric Canal-Forgues
Formatua: Liburua
Hizkuntza:Undetermined
Argitaratua: Bruxelles Bruylant 2001
Gaiak:
Etiketak: Etiketa erantsi
Etiketarik gabe, Izan zaitez lehena erregistro honi etiketa jartzen!
Thư viện lưu trữ: Trung tâm Học liệu Trường Đại học Cần Thơ
LEADER 00564nam a2200181Ia 4500
001 CTU_73036
008 210402s9999 xx 000 0 und d
082 |a 341.7543 
082 |b C212 
100 |a Eric Canal-Forgues 
245 0 |a GATT/ OMC recueil des contentieux du 1er janvier au 31 décembre 1999 
245 0 |c Eric Canal-Forgues et Thiébaut Flory 
260 |a Bruxelles 
260 |b Bruylant 
260 |c 2001 
650 |a export sales contracts,foreign trade regulation 
904 |i Minh 
980 |a Trung tâm Học liệu Trường Đại học Cần Thơ